Periyapurāṇattil peṇmai. (Record no. 88265)

MARC details
000 -LEADER
fixed length control field 00704cam a22002171 4500
001 - CONTROL NUMBER
control field sa 68018239
003 - CONTROL NUMBER IDENTIFIER
control field DLC
005 - DATE AND TIME OF LATEST TRANSACTION
control field 20260227112709.0
008 - FIXED-LENGTH DATA ELEMENTS--GENERAL INFORMATION
fixed length control field 810428s1966 ii 000 0 tam
010 ## - LIBRARY OF CONGRESS CONTROL NUMBER
LC control number sa 68018239
035 ## - SYSTEM CONTROL NUMBER
System control number (OCoLC)21528121
040 ## - CATALOGING SOURCE
Original cataloging agency DLC
Transcribing agency NN
Modifying agency OCoLC
-- DLC
042 ## - AUTHENTICATION CODE
Authentication code premarc
050 00 - LIBRARY OF CONGRESS CALL NUMBER
Classification number PL4758.9.C385
Item number P48
100 1# - MAIN ENTRY--PERSONAL NAME
Personal name Subbulakshmi, N.,
Dates associated with a name 1923-
245 10 - TITLE STATEMENT
Title Periyapurāṇattil peṇmai.
Remainder of title Āciriyar Na. Cuppulaṭcumi. [1. patippu]
260 ## - PUBLICATION, DISTRIBUTION, ETC.
Place of publication, distribution, etc. Kōyamuttūr,
Name of publisher, distributor, etc. Centir̲ Patippakam; Vir̲pan̲ai Urimai: Pāri Nilaiyam, Cen̲n̲ai
Date of publication, distribution, etc. [1966]
300 ## - PHYSICAL DESCRIPTION
Extent 9, 166 p.
Dimensions 19 cm.
500 ## - GENERAL NOTE
General note In Tamil.
600 00 - SUBJECT ADDED ENTRY--PERSONAL NAME
Personal name Cēkkil̲ār,
Dates associated with a name active 12th century.
Title of a work Periyapurāṇam.

No items available.

Powered by Koha